Ruoff & Roper on the law and practice of registered conveyancing . Second supplement to the appendices to the fifth edition up-to-date to December 1, 1988 (Record no. 89579)
[ view plain ]
| 000 -LEADER | |
|---|---|
| fixed length control field | 00821cam a2200265 4500 |
| 008 - FIXED-LENGTH DATA ELEMENTS--GENERAL INFORMATION | |
| fixed length control field | 090401t1989 xxu||||| |||| 00| 0 eng d |
| 020 ## - INTERNATIONAL STANDARD BOOK NUMBER | |
| International Standard Book Number | 0420480706 |
| 035 ## - SYSTEM CONTROL NUMBER | |
| System control number | (Sirsi) u31317 |
| 041 ## - LANGUAGE CODE | |
| Language code of text/sound track or separate title | eng |
| 050 ## - LIBRARY OF CONGRESS CALL NUMBER | |
| Classification number | 346.410438 |
| 100 ## - MAIN ENTRY--PERSONAL NAME | |
| Personal name | Ruoff, Theodore |
| 245 ## - TITLE STATEMENT | |
| Title | Ruoff & Roper on the law and practice of registered conveyancing . Second supplement to the appendices to the fifth edition up-to-date to December 1, 1988 |
| 260 ## - PUBLICATION, DISTRIBUTION, ETC. | |
| Place of publication, distribution, etc. | London |
| Name of publisher, distributor, etc. | Stevens and Sons |
| Date of publication, distribution, etc. | 1989 |
| 300 ## - PHYSICAL DESCRIPTION | |
| Extent | 70p. ; 25cm. |
| 350 ## - PRICE (NR) (BK AM CF MU VM SE) [OBSOLETE] | |
| Price | 10 |
| 490 ## - SERIES STATEMENT | |
| Series statement | Sweet and Maxwell Property and Conveyancing Library |
| 650 ## - SUBJECT ADDED ENTRY--TOPICAL TERM | |
| Topical term or geographic name entry element | CONVEYANCING |
| 650 ## - SUBJECT ADDED ENTRY--TOPICAL TERM | |
| Topical term or geographic name entry element | LAND REGISTRATION |
| 650 ## - SUBJECT ADDED ENTRY--TOPICAL TERM | |
| Topical term or geographic name entry element | REGISTRATION OF TITLE |
| 700 ## - ADDED ENTRY--PERSONAL NAME | |
| Personal name | Roper, Robert B |
| 700 ## - ADDED ENTRY--PERSONAL NAME | |
| Personal name | Pryer, E.John |
| 700 ## - ADDED ENTRY--PERSONAL NAME | |
| Personal name | West, Christopher |
| 942 ## - ADDED ENTRY ELEMENTS (KOHA) | |
| Suppress in OPAC | 0 |
| 948 ## - LOCAL PROCESSING INFORMATION (OCLC); SERIES PART DESIGNATOR (RLIN) | |
| c (OCLC) | 04/03/1997 |
| Withdrawn status | Lost status | Source of classification or shelving scheme | Damaged status | Not for loan | Home library | Current library | Shelving location | Date acquired | Cost, normal purchase price | Total Checkouts | Full call number | Barcode | Date last seen | Copy number | Cost, replacement price | Price effective from | Koha item type |
|---|---|---|---|---|---|---|---|---|---|---|---|---|---|---|---|---|---|
| Dewey Decimal Classification | London | London | Basement | 14/09/1999 | 10.00 | SHELF 329 | 30006798 | 06/08/2019 | 1 | 10.00 | 06/08/2019 | Reference material |